[Event "Tal Memorial (PCA SC1)"]
[Site "Riga LAT"]
[Date "1995.04.??"]
[Round "1"]
[White "Ivanchuk, Vasyl"]
[Black "Vaganian, Rafael"]
[Result "1/2-1/2"]
[WhiteElo "2700"]
[BlackElo "2640"]
[PlyCount "22"]
[EventDate "1995.04.12"]

1. e4 e6 2. d4 d5 3. Nc3 Bb4 4. e5 b6 5. h4 Qd7 6. h5 Ba6 7. Bxa6 Nxa6 8. Nge2 Bf8 9. a4 Nh6 10. Bxh6 gxh6 11. f4 c5 1/2-1/2

[Event "Tal Memorial (PCA SC1)"]
[Site "Riga LAT"]
[Date "1995.04.??"]
[Round "3"]
[White "Vaganian, Rafael"]
[Black "Ehlvest, Jaan"]
[Result "1/2-1/2"]
[WhiteElo "2640"]
[BlackElo "2615"]
[PlyCount "124"]
[EventDate "1995.04.12"]

1. c4 c6 2. e4 d5 3. exd5 Nf6 4. Nc3 cxd5 5. d4 Nc6 6. Bg5 dxc4 7. d5 Ne5 8. Qd4 h6 9. Bf4 Ng6 10. Bxc4 Nxf4 11. Qxf4 a6 12. Nf3 g6 13. O-O Bg7 14. d6 e6 15. Rad1 O-O 16. Ne5 Bd7 17. Qe3 Rc8 18. Bb3 Qa5 19. f4 Rfd8 20. Kh1 Qc5 21. Qd3 Be8 22. Nxg6 fxg6 23. f5 Rc6 24. Bxe6+ Kh8 25. d7 Bxd7 26. Ne4 Nxe4 27. Qxe4 gxf5 28. Qh4 Bxe6 29. Qxd8+ Kh7 30. b3 Rc8 31. Qd6 Rc6 32. Qf4 Qc2 33. Rd2 Qe4 34. Qf2 Rc3 35. Re1 Qc6 36. Qf4 Rc1 37. Rde2 Rxe1+ 38. Rxe1 Qd5 39. h3 Bd7 40. Kh2 Bc6 41. Re2 Qd7 42. g4 fxg4 43. hxg4 Kg8 44. Qc4+ Kh8 45. Qe6 Qc7+ 46. Kh3 Bd7 47. Qe3 h5 48. Kh4 hxg4 49. Qg5 Qc6 50. Rh2 Qf6 51. Rd2 Be6 52. Re2 Qf7 53. Qe3 Bd7 54. Kg3 Kg8 55. Qe4 Bf5 56. Qf4 Be6 57. Qe4 Bf5 58. Qf4 Be6 59. Qe4 Qc7+ 60. Kg2 Bd7 61. Qd5+ Kh7 62. Qh5+ Kg8 1/2-1/2

[Event "Tal Memorial (PCA SC1)"]
[Site "Riga LAT"]
[Date "1995.04.??"]
[Round "8"]
[White "Anand, Viswanathan"]
[Black "Jussupow, Artur"]
[Result "1/2-1/2"]
[WhiteElo "2715"]
[BlackElo "2660"]
[PlyCount "48"]
[EventDate "1995.04.12"]

1. e4 e6 2. d4 d5 3. Nd2 c5 4. exd5 exd5 5. Ngf3 Nc6 6. Bb5 Bd6 7. dxc5 Bxc5 8. O-O Nge7 9. Nb3 Bd6 10. Re1 O-O 11. Bg5 a6 12. Be2 Bf5 13. Nfd4 Bg6 14. Bd3 Qc7 15. h3 Nxd4 16. Nxd4 Nc6 17. Bxg6 hxg6 18. c3 Rfe8 19. Rxe8+ Rxe8 20. Nf3 Qb6 21. Qd2 Ne5 22. Nxe5 Rxe5 23. Be3 Bc5 24. Bxc5 Qxc5 1/2-1/2